000 00298nam a2200109Ia 4500
008 230724s2010 xx und d
041 _aeng
100 _aREICHEL .A.,SCHULTZ.K.
245 _aSCALE,OPEN CLOSE WINDOWSDOORS,GATESLOGGIAS,FILTERS
260 _bBIRKHAUSER VERLAG
_c2010
300 _a175
999 _c1177056
_d1177056